LDR 00809naa#a2200169#i#450# 001 RU\\bibl\126296 005 20260701094252.3 011 ## _a1994-5655 100 ## _a20260626b2026####ek#y0rusy0150####ca 102 ## _aRU 200 1# _aНравственно-трудовые ценности, отраженные в северном художественном тексте второй половины XX века _eЖурнальная статья 210 1# _aСыктывкар _cФГБУ ФИЦ «Коми научный центр Уральского отделения Российской академии наук» _d2026 215 ## _a4 с. 608 ## _aЖурнальная статья _2local 675 ## _aВсеобщая история. 94 _z 700 #1 _aКушнерева _gК. В. 856 4# _akomisc.editorum.ru _u